[Event "DJK Aufwärts Aachen 1 - SV Mülheim-Nord"]
[Site "Oberliga NRW 2010/2011"]
[Date "2011.01.09"]
[Round "5.1"]
[White "Litwak, Aleksej"]
[Black "Roeder, Matthias"]
[Result "1/2-1/2"]
[WhiteElo "2254"]
[BlackElo "2396"]
[PlyCount "40"]
[EventDate "2011.??.??"]

1. e4 c5 2. Nf3 d6 3. d4 cxd4 4. Nxd4 Nf6 5. Nc3 a6 6. Be2 e5 7. Nb3 Be7 8. O-O
O-O 9. Kh1 b6 10. Be3 Bb7 11. f3 Qc7 12. a4 Nc6 13. Qd2 Nb4 14. a5 bxa5 15.
Nxa5 d5 16. Nxb7 Qxb7 17. Nxd5 Nfxd5 18. exd5 Nxd5 19. Bg1 Nf4 20. c3 Rfd8
1/2-1/2

[Event "DJK Aufwärts Aachen 1 - SV Mülheim-Nord"]
[Site "Oberliga NRW 2010/2011"]
[Date "2011.01.09"]
[Round "5.2"]
[White "Braun, Christian"]
[Black "Kaufeld, Juergen"]
[Result "1-0"]
[WhiteElo "2370"]
[BlackElo "2224"]
[PlyCount "41"]
[EventDate "2011.??.??"]

1. e4 c5 2. Nf3 d6 3. d4 cxd4 4. Nxd4 Nf6 5. Nc3 a6 6. Bg5 e6 7. f4 Be7 8. Qf3
Qa5 9. O-O-O Bd7 10. f5 Nc6 11. Nxc6 Bxc6 12. Kb1 O-O 13. Bd2 Qc7 14. fxe6 fxe6
15. Qh3 Bd7 16. e5 dxe5 17. Bd3 Rf7 18. g4 g6 19. Rhf1 e4 20. Nxe4 Nxe4 21.
Rxf7 1-0

[Event "DJK Aufwärts Aachen 1 - SV Mülheim-Nord"]
[Site "Oberliga NRW 2010/2011"]
[Date "2011.01.09"]
[Round "5.3"]
[White "Hausrath, Daniel"]
[Black "Buscher, Michael"]
[Result "1/2-1/2"]
[WhiteElo "2476"]
[BlackElo "2362"]
[PlyCount "32"]
[EventDate "2011.??.??"]

1. Nf3 d5 2. g3 c6 3. Bg2 Bg4 4. c4 e6 5. O-O Nd7 6. cxd5 cxd5 7. Nc3 Ngf6 8.
d4 Bd6 9. Qb3 Bxf3 10. Bxf3 Qb6 11. e4 dxe4 12. Nxe4 Nxe4 13. Bxe4 O-O-O 14.
Be3 Qxb3 15. axb3 Nf6 16. Bf3 a6 1/2-1/2

[Event "DJK Aufwärts Aachen 1 - SV Mülheim-Nord"]
[Site "Oberliga NRW 2010/2011"]
[Date "2011.01.09"]
[Round "5.4"]
[White "Skulener, Wladimir"]
[Black "Bus, Tomas"]
[Result "1-0"]
[WhiteElo "2285"]
[BlackElo "2148"]
[Annotator ",Daniel"]
[PlyCount "69"]
[EventDate "2011.??.??"]

1. d4 d5 2. Nf3 Nf6 3. c4 c6 4. Nc3 g6 5. Qb3 Bg7 6. Bf4 O-O 7. e3 dxc4 8. Bxc4
b5 9. Be2 a5 $11 10. O-O Nbd7 11. Rac1 Nb6 12. Ne5 Bb7 13. Bf3 Nfd5 14. Nxd5
Nxd5 15. Bg3 a4 16. Qc2 Rc8 17. Qd2 f5 18. Nd3 e6 19. Nc5 Qe7 20. Rfe1 Qf7 21.
e4 fxe4 22. Nxe4 Rcd8 23. Bh4 Nf4 24. Bxd8 Rxd8 25. g3 Nh3+ 26. Kg2 Rxd4 27.
Qe3 Qf5 28. Nc5 Bc8 29. Nxe6 Rd3 30. Nxg7 Kxg7 31. Qe7+ Kg8 32. Qe4 Rd2 33.
Qxf5 Rxf2+ 34. Kxh3 Bxf5+ 35. Bg4 1-0

[Event "DJK Aufwärts Aachen 1 - SV Mülheim-Nord"]
[Site "Oberliga NRW 2010/2011"]
[Date "2011.01.09"]
[Round "5.5"]
[White "Nachbar, Benjamin"]
[Black "van Dooren, Dirk"]
[Result "1-0"]
[WhiteElo "2015"]
[BlackElo "2248"]
[Annotator ",Daniel"]
[PlyCount "87"]
[EventDate "2011.??.??"]

1. d4 f5 2. g3 Nf6 3. Bg2 e6 4. Nf3 Be7 5. c4 d6 6. Nc3 O-O 7. b3 Ne4 8. Bb2
Bf6 9. Qc2 Nxc3 10. Bxc3 Nc6 11. O-O e5 12. dxe5 dxe5 13. Rad1 Qe8 14. e4 Qg6
15. Qb2 fxe4 16. Nxe5 Nxe5 17. Bxe5 Bg4 18. Rd5 Rae8 19. Bxf6 Rxf6 20. Re5 $11
Bf3 21. Rxe8+ Qxe8 22. Re1 Qc6 23. Bxf3 exf3 24. Qe5 h6 25. Qe8+ Qxe8 26. Rxe8+
Kf7 27. Re3 Kg6 28. h3 a5 29. Kf1 a4 30. Ke1 axb3 31. axb3 h5 32. Kd2 h4 33. g4
Kg5 34. Rd3 Kf4 35. Rd4+ Ke5 36. Ke3 Rd6 37. Rxd6 Kxd6 38. Kxf3 Kc5 39. Ke4 Kb4
40. f4 Kxb3 41. f5 c5 42. g5 b5 43. cxb5 c4 44. b6 1-0

[Event "DJK Aufwärts Aachen 1 - SV Mülheim-Nord"]
[Site "Oberliga NRW 2010/2011"]
[Date "2011.01.09"]
[Round "5.6"]
[White "Juegel, Marcel"]
[Black "Winkels, Marcel"]
[Result "1/2-1/2"]
[WhiteElo "2166"]
[BlackElo "2029"]
[PlyCount "64"]
[EventDate "2011.??.??"]

1. d4 Nf6 2. Nf3 c5 3. dxc5 Na6 4. e4 Nxe4 5. Bxa6 Qa5+ 6. b4 Qxa6 7. Qd3 Qxd3
8. cxd3 Nf6 9. Nc3 b6 10. d4 bxc5 11. dxc5 e6 12. Be3 Be7 13. Ne5 Bb7 14. O-O
O-O 15. Rfd1 Rfd8 16. Nc4 Nd5 17. Nxd5 Bxd5 18. Rac1 Kf8 19. a4 Rdb8 20. b5 Rc8
21. Ne5 Ke8 22. c6 dxc6 23. Nxc6 Ba3 24. Ra1 Bb2 25. Rab1 Bxc6 26. bxc6 Bc3 27.
Rb7 Rxc6 28. Rdd7 Rd8 29. Re7+ Kf8 30. g3 a5 31. Rxf7+ Kg8 32. Rf4 Rdc8 1/2-1/2

[Event "DJK Aufwärts Aachen 1 - SV Mülheim-Nord"]
[Site "Oberliga NRW 2010/2011"]
[Date "2011.01.09"]
[Round "5.7"]
[White "Krueger, Andre"]
[Black "Foerster, Sven"]
[Result "1/2-1/2"]
[WhiteElo "2115"]
[BlackElo "2104"]
[Annotator ",Daniel"]
[PlyCount "146"]
[EventDate "2011.??.??"]

1. d4 d5 2. c4 e6 3. Nf3 c6 4. Qc2 dxc4 5. Qxc4 b5 6. Qd3 Bb7 7. g3 a6 8. Bg2
c5 9. O-O Nf6 10. Bg5 Nbd7 11. Rd1 Be7 12. dxc5 Nxc5 13. Qxd8+ Rxd8 14. Rxd8+
Bxd8 15. Nbd2 Bb6 16. Be3 Ke7 17. Rc1 Rc8 18. Bd4 Rc7 19. b3 Ne8 20. Bb2 f6 21.
Nd4 Bxg2 22. Kxg2 e5 23. Nf5+ Ke6 24. Ne3 Rd7 25. Rc2 Nd6 26. Ba3 Rc7 27. Bxc5
Rxc5 28. Rxc5 Bxc5 29. Nc2 Kd5 30. Kf3 f5 31. e3 a5 32. Ke2 g6 33. Nb1 b4 34.
Nd2 Nb5 35. Nb1 h5 36. Ne1 e4 37. Ng2 g5 38. h4 Be7 39. hxg5 Bxg5 40. Kd2 Na7
41. Ke2 $11 Nc6 42. Nd2 Ne5 43. f4 exf3+ 44. Nxf3 Nxf3 45. Kxf3 Ke5 46. Ne1 Ke6
47. Nd3 Kd6 48. Nb2 Kc5 49. Nd3+ Kd6 50. Nb2 Kc5 51. Nc4 a4 52. Ne5 axb3 53.
axb3 Kd5 54. Nd3 Ke6 55. Nxb4 h4 56. gxh4 Bxh4 57. Kf4 Bd8 58. Nc6 Bc7+ 59. Kg5
Bb6 60. Kf4 Bc7+ 61. Kf3 Bb6 62. Nb4 Bc7 63. Nd3 Kd5 64. Nf4+ Ke5 65. Ng6+ Kf6
66. Nh4 Kg5 67. Ng2 Kf6 68. Nf4 Ke5 69. b4 Bb6 70. Nd3+ Kd5 71. Nb2 Bc7 72. Nd3
Kc4 73. Ke2 Bd6 1/2-1/2

[Event "DJK Aufwärts Aachen 1 - SV Mülheim-Nord"]
[Site "Oberliga NRW 2010/2011"]
[Date "2011.01.09"]
[Round "5.8"]
[White "Tochtenhagen, Wolfgang"]
[Black "Mundorf, Johannes"]
[Result "1/2-1/2"]
[WhiteElo "2127"]
[BlackElo "2078"]
[PlyCount "67"]
[EventDate "2011.??.??"]

1. e4 e6 2. d4 d5 3. e5 c5 4. c3 Nc6 5. Be3 Qb6 6. Qd2 Bd7 7. Nf3 cxd4 8. cxd4
Bb4 9. Nc3 Na5 10. Rc1 Rc8 11. Bd3 Nc4 12. Bxc4 Rxc4 13. O-O Ne7 14. a3 Bxc3
15. Rxc3 Rxc3 16. Qxc3 O-O 17. Rc1 Rc8 18. Qd2 Rxc1+ 19. Qxc1 Nc6 20. b4 a5 21.
Qc5 Qxc5 22. bxc5 f6 23. g4 Kf7 24. Kg2 Ke7 25. h4 Be8 26. h5 fxe5 27. Nxe5
Nxe5 28. dxe5 g6 29. h6 Bb5 30. Kg3 Be2 31. Kf4 a4 32. Kg5 Kf7 33. f4 Bd3 34.
Bd4 1/2-1/2

[Event "SV Wattenscheid 2 - PSV Duisburg 1"]
[Site "Oberliga NRW 2010/2011"]
[Date "2011.01.09"]
[Round "5.1"]
[White "Wengenroth, Walter"]
[Black "Mladenov, Svetlin"]
[Result "1-0"]
[WhiteElo "2273"]
[BlackElo "2383"]
[Annotator ",Daniel"]
[PlyCount "85"]
[EventDate "2011.??.??"]

1. Nf3 Nf6 2. c4 g6 3. g3 Bg7 4. Bg2 O-O 5. O-O d6 6. Nc3 e5 7. d3 h6 8. Rb1 a5
9. a3 Re8 10. Nd2 c6 11. Nde4 Nh7 12. c5 dxc5 13. Nxc5 Ng5 14. Be3 Nd7 15. N5e4
Nxe4 16. Nxe4 Qe7 17. b4 axb4 18. axb4 f5 19. Nc3 Kh7 20. Qc2 Nf6 21. b5 Bd7
22. Na4 e4 23. Nb6 Ra5 24. Nxd7 Qxd7 25. dxe4 Nxe4 26. Bxe4 Rxe4 27. Rfd1 Qe6
28. bxc6 Qxc6 $11 29. Qxc6 bxc6 30. Rd7 Rb5 31. Ra1 Rd5 32. Rc7 Rd8 33. Raa7
Rg8 34. h4 Rc4 35. Bf4 Re4 36. Kf1 g5 37. hxg5 hxg5 38. Bxg5 Re6 39. Be3 Kg6
40. Ra6 Kh5 41. Raxc6 Ree8 42. Rxg7 Rxg7 43. Rh6+ 1-0

[Event "SV Wattenscheid 2 - PSV Duisburg 1"]
[Site "Oberliga NRW 2010/2011"]
[Date "2011.01.09"]
[Round "5.2"]
[White "Souleidis, Georgios"]
[Black "Fleck, Juergen"]
[Result "1-0"]
[WhiteElo "2350"]
[BlackElo "2358"]
[PlyCount "119"]
[EventDate "2011.??.??"]

1. e4 e5 2. Nf3 Nc6 3. Bc4 Bc5 4. b4 Bxb4 5. c3 Ba5 6. d4 d6 7. Qb3 Qd7 8. Nbd2
Bb6 9. dxe5 Na5 10. Qc2 Nxc4 11. Nxc4 d5 12. Nxb6 axb6 13. O-O dxe4 14. Qxe4
Qg4 15. Qe2 Be6 16. Rd1 Qc4 17. Qe1 Rxa2 18. Bg5 Ne7 19. Rd4 Rxa1 20. Qxa1 Qa2
21. Qd1 Qa8 22. Ra4 Qd8 23. Qxd8+ Kxd8 24. Ra8+ Bc8 25. Rxc8+ Kxc8 26. Bxe7 Kd7
27. Bg5 Ra8 28. Kf1 Ra2 29. Bd2 h6 30. Ke2 Ke6 31. Kd3 b5 32. Nd4+ Kxe5 33.
Nxb5 Ra1 34. h3 c6 35. f4+ Kf6 36. Nd6 Rg1 37. g4 Rg3+ 38. Ke4 Rxh3 39. Nxb7
Ke7 40. Na5 Kd6 41. Nc4+ Kc5 42. Ne3 Rh1 43. Nf5 g6 44. Be3+ Kc4 45. Nd6+ Kxc3
46. Nxf7 h5 47. gxh5 gxh5 48. Ne5 h4 49. Nf3 h3 50. f5 h2 51. f6 Kc2 52. f7 Rf1
53. f8=Q h1=Q 54. Qc5+ Kb3 55. Qb6+ Ka3 56. Bc5+ Ka2 57. Qa6+ Kb2 58. Qa3+ Kc2
59. Qd3+ Kb2 60. Bd4+ 1-0

[Event "SV Wattenscheid 2 - PSV Duisburg 1"]
[Site "Oberliga NRW 2010/2011"]
[Date "2011.01.09"]
[Round "5.3"]
[White "Kistella, Roman"]
[Black "Tereick, Benjamin"]
[Result "0-1"]
[WhiteElo "2286"]
[BlackElo "2372"]
[PlyCount "98"]
[EventDate "2011.??.??"]

1. d4 d5 2. c4 dxc4 3. Nf3 Nf6 4. e3 e6 5. Bxc4 a6 6. a4 b6 7. O-O Bb7 8. Nc3
Bb4 9. Qe2 Nbd7 10. Rd1 Qe7 11. d5 exd5 12. Nxd5 Nxd5 13. Bxd5 Bxd5 14. Rxd5
O-O 15. Bd2 Bxd2 16. Qxd2 Nf6 17. Re5 Qd7 18. Qc2 Rfd8 19. h3 a5 20. Rc1 c5 21.
Qc4 Qd3 22. Qf4 Qe2 23. Qf5 Rd1+ 24. Rxd1 Qxd1+ 25. Kh2 Qxa4 26. Re7 Re8 27.
Rc7 Qb3 28. Ng5 Qd5 29. Qxd5 Nxd5 30. Rd7 f6 31. Rxd5 fxg5 32. Rxg5 Rd8 33. Kg3
Rd2 34. f4 Rxb2 35. Rd5 a4 36. e4 a3 37. Rd8+ Kf7 38. Ra8 a2 39. Kf3 b5 40. f5
Kf6 41. Kf4 g5+ 42. fxg6 Kxg6 43. Ra6+ Kf7 44. g4 b4 45. Ke5 Rd2 46. Ra7+ Ke8
47. Ke6 Kd8 48. g5 b3 49. h4 Rd1 0-1

[Event "SV Wattenscheid 2 - PSV Duisburg 1"]
[Site "Oberliga NRW 2010/2011"]
[Date "2011.01.09"]
[Round "5.4"]
[White "Straeter, Timo"]
[Black "Schmitz, Joachim"]
[Result "1/2-1/2"]
[WhiteElo "2278"]
[BlackElo "2278"]
[PlyCount "202"]
[EventDate "2011.??.??"]

1. d4 Nf6 2. c4 g6 3. Nc3 Bg7 4. e4 d6 5. Be2 O-O 6. Bg5 Na6 7. f3 e5 8. dxe5
dxe5 9. Qxd8 Rxd8 10. Nd5 Rd6 11. O-O-O Nxd5 12. cxd5 f6 13. Be3 c5 14. Kb1 b6
15. f4 Nc7 16. Rc1 Ne8 17. fxe5 fxe5 18. Nf3 Rd8 19. Nd2 Nd6 20. a4 Bd7 21. b3
Re8 22. h4 h6 23. Rhf1 Rac8 24. Bd3 Bg4 25. a5 Rf8 26. Rxf8+ Kxf8 27. axb6 axb6
28. b4 cxb4 29. Bxb6 Rxc1+ 30. Kxc1 Ke7 31. Bc5 Kd7 32. Bxb4 Bf6 33. g3 g5 34.
hxg5 Bxg5 35. Kc2 Bf6 36. Nc4 Nxc4 37. Bxc4 h5 38. Bb5+ Kc7 39. Bc5 h4 40. gxh4
Bxh4 41. Bd3 Be1 42. Ba3 Bf2 43. Kb3 Bc8 44. Bb2 Kd6 45. Bb5 Bg4 46. Bd3 Bc8
47. Bc3 Bb7 48. Bc4 Bc8 49. Bb4+ Bc5 50. Bd2 Bd7 51. Bh6 Kc7 52. Bg7 Bd6 53.
Kc3 Kb6 54. Kd3 Bg4 55. Bf6 Bh5 56. Bb3 Kc7 57. Ba4 Bg4 58. Be8 Bd1 59. Bg6 Bg4
60. Bf5 Bh5 61. Bh3 Bd1 62. Ke3 Bh5 63. Kf2 Bd1 64. Kg3 Kb6 65. Bg4 Bc2 66. Bf3
Ba4 67. Kg4 Kc5 68. Bh4 Bd7+ 69. Kh5 Be8+ 70. Kh6 Bf8+ 71. Kh7 Kd4 72. Bg5 Bb4
73. Kg7 Bb5 74. Kf6 Bd3 75. Kf5 Bf1 76. Bd8 Bh3+ 77. Kf6 Ke3 78. Bh1 Kf4 79.
Bc7 Bc3 80. Bb6 Bf1 81. d6 Be1 82. d7 Bh4+ 83. Ke6 Bc4+ 84. Kd6 Bd3 85. Kd5 Bb1
86. Bg1 Ba2+ 87. Kd6 Bb1 88. Bh2+ Ke3 89. Bxe5 Bxe4 90. Bxe4 Kxe4 91. Ke6 Bd8
92. Bf6 Bc7 93. Be5 Bd8 94. Bh2 Bg5 95. Bd6 Bd8 96. Be7 Ba5 97. Bb4 Bb6 98. Ke7
Kd5 99. Ke8 Ke6 100. Be7 Ba5 101. Bd8 Be1 1/2-1/2

[Event "SV Wattenscheid 2 - PSV Duisburg 1"]
[Site "Oberliga NRW 2010/2011"]
[Date "2011.01.09"]
[Round "5.5"]
[White "Schiffer, Kai-Uwe"]
[Black "Franke, Johannes"]
[Result "1/2-1/2"]
[WhiteElo "2252"]
[BlackElo "2292"]
[PlyCount "40"]
[EventDate "2011.??.??"]

1. d4 c5 2. d5 e5 3. e4 d6 4. Nc3 Be7 5. f4 exf4 6. Bxf4 Nf6 7. e5 dxe5 8. Bxe5
O-O 9. Qd2 Ng4 10. Bf4 Bf6 11. O-O-O Qa5 12. Kb1 Bxc3 13. bxc3 Bf5 14. Nf3 Nd7
15. c4 Qb6+ 16. Ka1 Qf6+ 17. c3 Qa6 18. h3 Ngf6 19. Bd3 Bg6 20. Rhe1 Rfe8
1/2-1/2

[Event "SV Wattenscheid 2 - PSV Duisburg 1"]
[Site "Oberliga NRW 2010/2011"]
[Date "2011.01.09"]
[Round "5.6"]
[White "Hirsch, Stefan"]
[Black "Heisel, Guido"]
[Result "1/2-1/2"]
[WhiteElo "2187"]
[BlackElo "2167"]
[PlyCount "126"]
[EventDate "2011.??.??"]

1. e4 d5 2. exd5 Qxd5 3. Nc3 Qd6 4. Nf3 Nf6 5. Be2 a6 6. d4 g6 7. h3 Bg7 8. Be3
Qb4 9. a3 Qa5 10. b4 Qf5 11. Ne5 O-O 12. Bc4 h5 13. Ne2 Qe4 14. Ng3 Qxg2 15.
Nf3 Bxh3 16. Bf1 Qxh1 17. Nxh1 Bg4 18. Be2 Nc6 19. Ng3 Rad8 20. Qd3 e5 21.
O-O-O Rfe8 22. Qc4 e4 23. Ng5 Rd7 24. Bxg4 Nxg4 25. c3 Nxe3 26. fxe3 Bh6 27.
N3xe4 Kg7 28. Rf1 Nd8 29. d5 Re5 30. Nf3 Bxe3+ 31. Kb1 Rexd5 32. Nc5 Bxc5 33.
bxc5 Ne6 34. c6 bxc6 35. Qxa6 Rb5+ 36. Kc2 Rd6 37. Rd1 Rbd5 38. Rxd5 cxd5 39.
Qe2 g5 40. a4 g4 41. Nh4 Kf6 42. Qf2+ Kg5 43. Nf5 Rd8 44. Ne7 Nf4 45. Qe3 f6
46. Nc6 Ra8 47. a5 h4 48. Nd4 Rxa5 49. Ne6+ Kf5 50. Nxf4 g3 51. Qf3 Ra2+ 52.
Kd3 Rf2 53. Qh5+ Kxf4 54. Qxh4+ Kf3 55. Qxf6+ Kg2 56. Qg5 c6 57. Qg4 Rf3+ 58.
Kd2 Kf2 59. Qd4+ Kf1 60. Qg4 Kf2 61. Qd4+ Kf1 62. Qg4 Kf2 63. Qd4+ Kf1 1/2-1/2

[Event "SV Wattenscheid 2 - PSV Duisburg 1"]
[Site "Oberliga NRW 2010/2011"]
[Date "2011.01.09"]
[Round "5.7"]
[White "Wessels, Marco"]
[Black "Bouaraba, Max"]
[Result "1/2-1/2"]
[WhiteElo "2133"]
[BlackElo "2156"]
[PlyCount "69"]
[EventDate "2011.??.??"]

1. e4 c5 2. Nf3 Nc6 3. d4 cxd4 4. Nxd4 Qb6 5. Nb3 Nf6 6. Nc3 e6 7. Bd3 a6 8.
Qe2 d6 9. Be3 Qc7 10. f4 b5 11. O-O Be7 12. Rae1 Bb7 13. a3 h5 14. h3 b4 15.
axb4 Nxb4 16. Qf2 Nd7 17. Bd4 Bf6 18. e5 Nxd3 19. cxd3 Be7 20. Rc1 Qd8 21. exd6
Bxd6 22. Ne4 Be7 23. Nbc5 Nxc5 24. Nxc5 Bd5 25. Ne4 O-O 26. Bc3 f6 27. Qe2 Qe8
28. f5 exf5 29. Rxf5 Bxe4 30. dxe4 g6 31. Ra5 Bd8 32. Rxa6 Rxa6 33. Qxa6 Qxe4
34. Re1 Qd5 35. Qe6+ 1/2-1/2

[Event "SV Wattenscheid 2 - PSV Duisburg 1"]
[Site "Oberliga NRW 2010/2011"]
[Date "2011.01.09"]
[Round "5.8"]
[White "Lehmann, Holger"]
[Black "Montignies, Rainer"]
[Result "1/2-1/2"]
[WhiteElo "2139"]
[BlackElo "2224"]
[PlyCount "42"]
[EventDate "2011.??.??"]

1. c4 c5 2. g3 Nc6 3. Bg2 g6 4. Nc3 Bg7 5. e4 d6 6. Nge2 e6 7. O-O Nge7 8. d3
O-O 9. Be3 Nd4 10. Qd2 Rb8 11. Bh6 Nec6 12. Bxg7 Kxg7 13. b3 Qa5 14. Qb2 e5 15.
Nxd4 Nxd4 16. Rae1 b5 17. f4 bxc4 18. dxc4 Be6 19. Qc1 f6 20. h3 Rbe8 21. Kh2
Qc7 1/2-1/2

[Event "SF Katernberg 2 - Godesberger SK 1"]
[Site "Oberliga NRW 2010/2011"]
[Date "2011.01.09"]
[Round "5.1"]
[White "Dranov, Aleksandr"]
[Black "Scholz, Christian"]
[Result "1/2-1/2"]
[WhiteElo "2442"]
[BlackElo "2359"]
[PlyCount "94"]
[EventDate "2011.??.??"]

1. e4 c5 2. Nf3 d6 3. d4 cxd4 4. Nxd4 Nf6 5. Nc3 a6 6. g3 e5 7. Nde2 Be7 8. Bg2
O-O 9. a4 b6 10. O-O Nbd7 11. h3 Bb7 12. g4 Nc5 13. Ng3 Rc8 14. f4 exf4 15.
Bxf4 Ne6 16. Be3 Nd7 17. Nf5 Ne5 18. Nd5 Bxd5 19. exd5 Nc5 20. Nxe7+ Qxe7 21.
Bd4 Ncd7 22. b3 h5 23. gxh5 Qg5 24. c4 a5 25. Ra2 f5 26. Kh1 f4 27. Bf3 Qf5 28.
Kh2 Rce8 29. Bg4 Nxg4+ 30. Qxg4 Qxg4 31. hxg4 Re4 32. Rd2 f3 33. Kh3 Rff4 34.
Bf2 Rxg4 35. Bg3 Rg5 36. Bxd6 Rxh5+ 37. Kg3 Nf6 38. Bf4 Rf5 39. Rxf3 Nh5+ 40.
Kg4 g6 41. Rdf2 Kf7 42. Rf1 Ke8 43. R1f2 Kd7 44. Rf1 Rd4 45. R1f2 Kc8 46. Rf1
Kb7 47. R1f2 Kc8 1/2-1/2

[Event "SF Katernberg 2 - Godesberger SK 1"]
[Site "Oberliga NRW 2010/2011"]
[Date "2011.01.09"]
[Round "5.2"]
[White "Kotainy, Jens"]
[Black "Jackelen, Thomas"]
[Result "1-0"]
[WhiteElo "2354"]
[BlackElo "2378"]
[PlyCount "91"]
[EventDate "2011.??.??"]

1. e4 d5 2. exd5 Qxd5 3. Nc3 Qa5 4. d4 Nf6 5. Bc4 Bg4 6. f3 Bf5 7. g4 Bg6 8.
Qe2 e6 9. Bd2 Bb4 10. O-O-O Nc6 11. Qf2 O-O-O 12. Nge2 Nxd4 13. Nxd4 Qc5 14.
Bxe6+ fxe6 15. Ncb5 Bxd2+ 16. Rxd2 a6 17. Nc3 Rd6 18. Nf5 Rc6 19. Qxc5 Rxc5 20.
Nxg7 Rc6 21. Re1 Bf7 22. Rde2 Kd7 23. g5 Nh5 24. Nf5 Re8 25. Nh6 Bg6 26. Ng4
Rd6 27. Ne4 Bxe4 28. fxe4 Ke7 29. Nf6 Nxf6 30. gxf6+ Kf7 31. e5 Rd5 32. Rg2 Rg8
33. Rxg8 Kxg8 34. Rg1+ Kf8 35. Rg7 Rxe5 36. Rxc7 Rh5 37. Rxb7 Rxh2 38. Re7 a5
39. Rxe6 Rh5 40. Re7 h6 41. Rh7 Kg8 42. f7+ Kf8 43. b3 Rh2 44. Kb2 h5 45. Ka3
h4 46. Ka4 1-0

[Event "SF Katernberg 2 - Godesberger SK 1"]
[Site "Oberliga NRW 2010/2011"]
[Date "2011.01.09"]
[Round "5.3"]
[White "Mertens, Heiko"]
[Black "Rosen, Bernd"]
[Result "1-0"]
[WhiteElo "2327"]
[BlackElo "2304"]
[PlyCount "117"]
[EventDate "2011.??.??"]

1. e4 e6 2. d3 c5 3. Nf3 Nc6 4. g3 g6 5. Bg2 Bg7 6. O-O Nge7 7. Re1 d6 8. c3 e5
9. Be3 O-O 10. Na3 b6 11. Qd2 f5 12. exf5 Bxf5 13. Bg5 Rc8 14. Nc2 Qd7 15. Nh4
Be6 16. Bh6 d5 17. Bxg7 Kxg7 18. b4 cxb4 19. cxb4 Qd6 20. b5 Nd8 21. Nb4 Nf7
22. Qb2 d4 23. Rac1 Rc5 24. Nc6 Nxc6 25. Rxc5 bxc5 26. bxc6 Bd5 27. Bxd5 Qxd5
28. Qb7 Kg8 29. Rc1 Ng5 30. Qd7 Qxd7 31. cxd7 Ne6 32. Re1 Rd8 33. Rxe5 Kf7 34.
Rd5 Ke7 35. Nf3 Rxd7 36. Rxd7+ Kxd7 37. Ne5+ Kd6 38. Nc4+ Kd5 39. Kf1 Nd8 40.
Ke2 Nc6 41. a3 Nb8 42. f4 Nd7 43. g4 Nf6 44. h3 Ke6 45. Kf3 Nd5 46. Nd2 Nb6 47.
Ke4 Na4 48. f5+ gxf5+ 49. gxf5+ Kd6 50. Nc4+ Ke7 51. Ke5 Nb6 52. f6+ Kd7 53.
Nd2 Ke8 54. Ke6 Kf8 55. Ne4 c4 56. dxc4 d3 57. c5 Na8 58. Kd7 Kf7 59. Kc8 1-0

[Event "SF Katernberg 2 - Godesberger SK 1"]
[Site "Oberliga NRW 2010/2011"]
[Date "2011.01.09"]
[Round "5.4"]
[White "Villwock, Martin"]
[Black "Schmidt, Bodo"]
[Result "1/2-1/2"]
[WhiteElo "2131"]
[BlackElo "2333"]
[PlyCount "87"]
[EventDate "2011.??.??"]

1. e4 e6 2. d4 d5 3. Nc3 Bb4 4. exd5 exd5 5. Bd3 c6 6. Qh5 Nf6 7. Qg5 O-O 8.
Nge2 b6 9. O-O Ba6 10. Ng3 Bxd3 11. cxd3 Nfd7 12. Qg4 Qf6 13. Nce2 Qg6 14. Qf3
f5 15. Nf4 Qf7 16. a3 Bd6 17. Re1 g6 18. Bd2 Na6 19. h4 Rae8 20. Nh3 Rxe1+ 21.
Rxe1 Re8 22. Rc1 Nab8 23. Ng5 Qf6 24. h5 f4 25. Rxc6 Nxc6 26. Qxd5+ Kg7 27.
N3e4 Rxe4 28. Nxe4 Ne7 29. Qb7 Qe6 30. d5 Nxd5 31. Qc6 Ne5 32. Qxd6 Qxd6 33.
Nxd6 Nxd3 34. hxg6 hxg6 35. Nb5 Nxb2 36. Nxa7 Nc4 37. Bc1 Nc3 38. Kf1 g5 39.
Ke1 Kf6 40. Nc6 Kf5 41. Nd4+ Ke4 42. Ne6 Kf5 43. Nd4+ Ke4 44. Ne6 1/2-1/2

[Event "SF Katernberg 2 - Godesberger SK 1"]
[Site "Oberliga NRW 2010/2011"]
[Date "2011.01.09"]
[Round "5.5"]
[White "Grimm, Sascha"]
[Black "Gassmann, Volker"]
[Result "0-1"]
[WhiteElo "2303"]
[BlackElo "2202"]
[PlyCount "96"]
[EventDate "2011.??.??"]

1. Nf3 d5 2. g3 Nf6 3. Bg2 c6 4. O-O Bg4 5. b3 e6 6. Bb2 Nbd7 7. d3 Be7 8. Nbd2
O-O 9. h3 Bf5 10. Nh4 h6 11. Nxf5 exf5 12. c4 dxc4 13. Nxc4 Qc7 14. e3 Rad8 15.
Qc2 Rfe8 16. Rfd1 Bf8 17. Rac1 h5 18. h4 Ng4 19. a3 Ndf6 20. b4 Nd5 21. e4 fxe4
22. dxe4 Nb6 23. Na5 Bd6 24. Bd4 Be5 25. Bxe5 Nxe5 26. b5 c5 27. Qe2 Rxd1+ 28.
Rxd1 c4 29. Rc1 Qc5 30. Nxb7 Qxa3 31. Rc2 Re7 32. Nd8 Qd3 33. Nc6 Nxc6 34. bxc6
Qxe2 35. Rxe2 Re5 36. f4 Rc5 37. e5 c3 38. Be4 Nc4 39. Kf2 Nd2 40. Bc2 Rxc6 41.
Re3 Kf8 42. Rd3 Ke7 43. Ke2 g6 44. Rd6 Rxd6 45. exd6+ Kxd6 46. Kd3 Nf1 47. Bb3
Ke7 48. Kxc3 Nxg3 0-1

[Event "SF Katernberg 2 - Godesberger SK 1"]
[Site "Oberliga NRW 2010/2011"]
[Date "2011.01.09"]
[Round "5.6"]
[White "Wessendorf, Thomas"]
[Black "Armbruster, Alexander"]
[Result "0-1"]
[WhiteElo "2223"]
[BlackElo "2238"]
[PlyCount "88"]
[EventDate "2011.??.??"]

1. e4 c5 2. Nf3 e6 3. d3 d5 4. Nbd2 Nc6 5. g3 Nf6 6. Bg2 b6 7. O-O Be7 8. Re1
Bb7 9. e5 Nd7 10. h4 Qc7 11. Qe2 h6 12. h5 O-O-O 13. Nf1 Rdg8 14. Bh3 g6 15.
hxg6 Rxg6 16. Bf4 h5 17. Bg2 h4 18. c3 Qd8 19. a3 Qg8 20. b4 Bd8 21. Rab1 Ne7
22. d4 Nf5 23. bxc5 Nb8 24. cxb6 axb6 25. N3h2 Ba6 26. Qf3 hxg3 27. fxg3 Nc6
28. Rb2 Na5 29. Reb1 Nc4 30. Rb4 Bg5 31. Bxg5 Rxg5 32. Ra4 Kb7 33. g4 Nh6 34.
Rxc4 Bxc4 35. Ne3 Qh7 36. Rb4 Nf5 37. Nxc4 Qxh2+ 38. Kf1 Ng3+ 39. Kf2 Ne4+ 40.
Ke3 Qg1+ 41. Kd3 f5 42. exf6 Rxg4 43. Nxb6 Kc6 44. Nxd5 exd5 0-1

[Event "SF Katernberg 2 - Godesberger SK 1"]
[Site "Oberliga NRW 2010/2011"]
[Date "2011.01.09"]
[Round "5.7"]
[White "Luetke, Jens"]
[Black "Bachmann, Karlheinz"]
[Result "1/2-1/2"]
[WhiteElo "2281"]
[BlackElo "2211"]
[PlyCount "147"]
[EventDate "2011.??.??"]

1. e4 c5 2. Nf3 e6 3. c3 d5 4. e5 Qb6 5. d4 Bd7 6. a3 c4 7. h4 Nc6 8. h5 Na5 9.
Nbd2 Ne7 10. Nh4 O-O-O 11. Qf3 Be8 12. Be2 g5 13. hxg6 hxg6 14. Qf6 Rh7 15. Rh3
Ng8 16. Qf3 g5 17. Ng6 Rxh3 18. gxh3 Bh6 19. Nh8 Qc7 20. Bd1 Bg7 21. Bc2 Bxh8
22. Qh5 Bxe5 23. dxe5 Qxe5+ 24. Kf1 f6 25. Qh7 Bd7 26. Nf3 Qc7 27. Qf7 Nb3 28.
Bxb3 cxb3 29. Kg1 e5 30. h4 Bg4 31. Qxc7+ Kxc7 32. Nh2 Bh5 33. hxg5 fxg5 34.
Bxg5 Rf8 35. a4 Nf6 36. Be3 a6 37. a5 Ne4 38. Ra4 Nd6 39. Rh4 Be2 40. Rh7+ Rf7
41. Rxf7+ Nxf7 42. f4 exf4 43. Bxf4+ Kc6 44. Kf2 Bh5 45. Nf1 Nd6 46. Bxd6 Kxd6
47. Ke3 Kc5 48. Nd2 Bd1 49. Nb1 Bc2 50. Nd2 Kb5 51. Kd4 Kxa5 52. Kxd5 Kb5 53.
Nf3 a5 54. Nd4+ Ka6 55. c4 a4 56. Nb5 Ka5 57. Kd4 Kb4 58. Na3 Bg6 59. c5 Bf7
60. Nb1 Bh5 61. Na3 Bf3 62. Nc4 Be2 63. Na3 Ba6 64. Kd5 Bb5 65. Kd4 Be8 66. Kd5
Ka5 67. Nc4+ Ka6 68. Na3 Bc6+ 69. Kd4 Bf3 70. Nc4 Be2 71. Na3 b5 72. cxb6 Kxb6
73. Kd5 Ba6 74. Kd4 1/2-1/2

[Event "SV Castrop-Rauxel 1 - SK Münster 1"]
[Site "Oberliga NRW 2010/2011"]
[Date "2011.01.09"]
[Round "5.1"]
[White "Libeau, Rene Andre"]
[Black "Topolewski, Dirk"]
[Result "1-0"]
[WhiteElo "2340"]
[BlackElo "2150"]
[PlyCount "99"]
[EventDate "2011.??.??"]

1. Nf3 d5 2. g3 Bg4 3. Bg2 Bxf3 4. exf3 Nf6 5. f4 e6 6. O-O Be7 7. d4 Nc6 8. b3
O-O 9. Bb2 a5 10. a4 Re8 11. Nd2 Bf8 12. Re1 g6 13. Bf1 Ne7 14. Nf3 c6 15. Ne5
Nf5 16. Bd3 Qc7 17. Qf3 Bg7 18. Rad1 Rad8 19. h4 h5 20. Kg2 Rb8 21. c4 Rbd8 22.
c5 Rb8 23. Rc1 Rec8 24. Qd1 Nd7 25. Re2 Qd8 26. Qe1 Ra8 27. Bc3 Nf6 28. Rb1 Ra7
29. Reb2 b6 30. cxb6 Qxb6 31. b4 axb4 32. Rxb4 Qc7 33. a5 Nd6 34. Rb6 c5 35.
dxc5 Nde4 36. Bd4 Nxc5 37. Bb5 Raa8 38. Rc1 Qe7 39. Nc6 Rxc6 40. Rxc6 Nb3 41.
Rc8+ Rxc8 42. Rxc8+ Kh7 43. Be5 Qb7 44. Rb8 Qa7 45. a6 d4 46. Rb7 Qc5 47. Be2
d3 48. Bf3 d2 49. Qe3 Qc1 50. Bxf6 1-0